Lost Connections - Statistics

General Stats
  • This quiz has been taken 1,232 times
  • The average score is 10 of 14
Answer Stats
Hint Answer % Correct
This character is related to Jack, but doesn't know it. Claire Littleton
96%
This character lost his parents because of Locke's father. James (Sawyer) Ford
93%
This character became friends with a woman Sawyer had a child with. Kate Austen
90%
This character was on TV in the house that Jin got Sun's dog. Hugo (Hurley) Reyes
88%
This character owns the company that Locke works for. Hugo (Hurley) Reyes
88%
This character gave Jack advice after he hurt his ankle while running. Desmond Hume
83%
This character was in the mental hospital with Hurley. Libby Smith
76%
This character gave Desmond a boat. Libby Smith
76%
Kate's 'dad' interogated this character. Sayid Jarrah
61%
This character was Jack's dad's bodyguard in Australia. Ana Lucia Cortez
60%
This charcter was at the police department in Australia at the same time as Sawyer Boone Carlyle
51%
This character's father was in a car crash with Jack's future-wife. Shannon Rutherford
47%
This character gave Locke a job interview. Rose Nadler
43%
Claire's psychic told this character that he was a fake. Mr. Eko
39%
No matching quizzes found
Score Distribution
Percent of People with Each Score
Percentile by Number Answered
Your Score History
You have not taken this quiz